Introduction aux theories de la communication (Record n. 88134)
[ formato base ]
| 000 -LEADER | |
|---|---|
| fixed length control field | 01723nam a2200313Ia 4500 |
| 001 - CONTROL NUMBER | |
| control field | D4326 |
| 003 - CONTROL NUMBER IDENTIFIER | |
| control field | IT-RoPAU |
| 008 - FIXED-LENGTH DATA ELEMENTS--GENERAL INFORMATION | |
| fixed length control field | 130308s9999 xx 000 0 und d |
| 040 ## - CATALOGING SOURCE | |
| Original cataloging agency | IT-RoPAU |
| 040 ## - CATALOGING SOURCE | |
| Transcribing agency | IT-RoPAU |
| 041 ## - LANGUAGE CODE | |
| Language code of text/sound track or separate title | FRANCESE |
| 100 ## - MAIN ENTRY--PERSONAL NAME | |
| Personal name | Meunier Jean-Pierre |
| 100 ## - MAIN ENTRY--PERSONAL NAME | |
| Miscellaneous information | Codice Aut. SPICS: 42357 |
| 245 ## - TITLE STATEMENT | |
| Title | Introduction aux theories de la communication |
| 245 ## - TITLE STATEMENT | |
| Remainder of title | Introduction Aux Theories de la Communication |
| 250 ## - EDITION STATEMENT | |
| Edition statement | 1a ed. |
| 260 ## - PUBLICATION, DISTRIBUTION, ETC. (IMPRINT) | |
| Place of publication, distribution, etc. | BRUXELLES |
| 260 ## - PUBLICATION, DISTRIBUTION, ETC. (IMPRINT) | |
| Name of publisher, distributor, etc. | De Boeck/Wesmael |
| 260 ## - PUBLICATION, DISTRIBUTION, ETC. (IMPRINT) | |
| Date of publication, distribution, etc. | 1993 [1° Ed.:1993 - Ed.Ling.Originale:1993] |
| 300 ## - PHYSICAL DESCRIPTION | |
| Extent | "304 p. (prefazione: no ; testo: 304)" |
| 500 ## - GENERAL NOTE | |
| General note | Introduzione Alle teorie della Comunicazione: Analisi Semiopragmatica della Comunicazione Mediatica. piccola fenomenologia di un Messaggio scritto Visivo. Panorama delle teorie della Comunicazione. Dal Modello del Telegrafo a Quello dell'Orchestra: Modelli di Lasswell e di Saussure. Semiotica Strutturale Alla Ricerca dei Significati: Comunicazione e Linguistica, progetto Semiologico. Primo Approccio dell'Enunciazione. Atti di Linguaggio. Atti Illocuzionari e Relazione. Parole e Immagini. Pragmatica delle comunicazioni Audio scritto Visive. Comunicazione e Relazione: relazione Sociale, Grandi Modi di Comunicazione, posizione e Gesto, Stile vocale e Verbale, Mediatizzazione della Comunicazione. comunicazioni Audio scritto Visive: Discorso e Storia, Dispositivi di Enunciazione. Vita dei Segni nella Vita Sociale. Guida per L'Analisi dei Messaggi Mediatici. Bibliografia Selettiva. |
| 650 ## - SUBJECT ADDED ENTRY--TOPICAL TERM | |
| Topical term or geographic name as entry element | SEMIOLOGIA |
| 650 ## - SUBJECT ADDED ENTRY--TOPICAL TERM | |
| Relator term | Codice materia Spics: 3251 |
| 700 ## - ADDED ENTRY--PERSONAL NAME | |
| Personal name | Peraya Daniel |
| 700 ## - ADDED ENTRY--PERSONAL NAME | |
| Miscellaneous information | Codice Aut. SPICS: 34692 |
| 942 ## - ADDED ENTRY ELEMENTS (KOHA) | |
| Koha item type | LIBRO |
| 957 ## - | |
| -- | 1 |
| 999 ## - SYSTEM CONTROL NUMBERS (KOHA) | |
| -- | 1 |
| Withdrawn status | Lost status | Damaged status | Not for loan | Home library | Current library | Date acquired | Total Checkouts | Full call number | Date last seen | Price effective from | Koha item type | Public note |
|---|---|---|---|---|---|---|---|---|---|---|---|---|
| Buone Condizioni | Not For Loan | SPICS-MEDIATECA | SPICS-MEDIATECA | 08/03/2013 | D4326 | 08/03/2013 | 08/03/2013 | LIBRO | Progressivo inserimento: 5331 / N. Volumi: 1 Copie: 1 / data import: 1 marzo 2013 - By Epidotti, Trombetti, Vaglietti. |